000 00511nam a22001697a 4500
999 _c8384
_d8384
008 201117b ||||| |||| 00| 0 eng d
040 _aBMS College of Architecture
100 _aSathyam, B Sakshi
245 _aPlastic research and innovation center
300 _aNA
500 _a1BM15AT090
502 _8B,Arch
_NBMS College of Architecture, Visvesvaraya Technological University (VTU)
_aProject report
_d2019
650 _aResearch
700 _aJeeno
_eGuide
700 _aRema
_eGuide
942 _2ddc
_cTHE